00913nam a2200337 a 450000100080000000500110000800800410001910000220006024500710008225000110015326000390016430000090020349000400021252000670025265000200031965000110033965000200035065000110037065000120038165000120039365000190040565000240042465300110044865300120045965300130047165300240048465300120050865300130052065300200053365300220055315549722014-05-02 1999 bl uuuu u0uu1 u #d1 aSAUERESSIG, T. M. a"Mosca-dos-chifres", Haematobia irritansbdiagnóstico e controle. a2. ed. aPlanaltina, DF: EMBRAPA-CPACc1999 a9 p. a(Embrapa Cerrados. Documentos, 43). aControle integrado: associação que da certo; Recomendação. aanimal diseases acattle adisease control aBovino aCerrado aDoença aDoença Animal aHaematobia Irritans aBovine aControl aControle aControle de doença aDisease aHorn fly aMosca-do-chifre aMosca-dos-chifres